LEADER 01127nam0-2200337---450- 001 990008204530403321 005 20051013103015.0 035 $a000820453 035 $aFED01000820453 035 $a(Aleph)000820453FED01 035 $a000820453 100 $a20051013d2005----km-y0itay50------ba 101 0 $aita 102 $aIT 105 $ay---n----00yy 200 1 $a<>rete per l' inserimento lavorativo degli immigrati: i modelli SPINN$ftesti di: Anna Ajello ... [et al.] 210 $a[Roma]$cIL, Italia Lavoro$dstampa 2005 215 $a209 p.$d22 cm 225 1 $aQuaderni SPINN$v14 300 $an testa al front.: Unione Europea, Fondo sociale europeo; Ministero del lavoro e delle politiche sociali 610 0 $aLavoratori immigrati 610 0 $aImmigrati$aItalia$aInserimento lavorativo 676 $a331.62$v21 ed.$zita 702 1$aAjello,$bAnna 801 0$aIT$bUNINA$gRICA$2UNIMARC 901 $aBK 912 $a990008204530403321 952 $a331.62 SPI 1$b2849$fBFS 959 $aBFS 996 $aRete per l' inserimento lavorativo degli immigrati: i modelli SPINN$9740012 997 $aUNINA